00335nam a2200121Ia 4500008004100000041000800041082001500049100002000064245004500084260004200129300003300171365000900204240624s9999 xx 000 0 und d aeng a330.01 CHA aCHASE CHARLES W aDEMAND DRIVEN FORECASTING A STRUCTURED A c2009aNew JerseybJohn Wiley and Sons axviii, : 270 : p. : cm. ; 23 cb30